000 00567nam a2200181Ia 4500
008 151018s9999 xx 000 0 und d
082 _bRBASDV43114
_a891.463
100 _aवि स खांडेकर
245 _aरिकामा देव्हारा
250 _b8
260 _bक्ष
_c2005
300 _a103
600 _aवि स खांडेकर
630 _aरिकामा देव्हारा
700 _aवि स खांडेकर
730 _aरिकामा देव्हारा
942 _cBOOK
999 _c1042329
_d1042326